ბათუმის შოთა რუსთაველის სახელმწიფო უნივერსიტეტის ბიბლიოთეკა

Педагогика №6. 2016. (ბიბ.ჩანაწერი № 51739)

000 -LEADER
fixed length control field 00488nam a2200181Ia 4500
001 - CONTROL NUMBER
control field 18731
003 - CONTROL NUMBER IDENTIFIER
control field GE_BSU
008 - FIXED-LENGTH DATA ELEMENTS--GENERAL INFORMATION
fixed length control field 181216s||||||||xx |||||||||||||| ||und||
040 ## - CATALOGING SOURCE
Transcribing agency GE_BSU
245 ## - TITLE STATEMENT
Title Педагогика №6. 2016.
245 ## - TITLE STATEMENT
Remainder of title Научн-технич. журнал РА образования
245 ## - TITLE STATEMENT
Statement of responsibility, etc. Гл. ред. Р.С.Бозиев
260 ## - PUBLICATION, DISTRIBUTION, ETC.
Place of publication, distribution, etc. Москва
260 ## - PUBLICATION, DISTRIBUTION, ETC.
Date of publication, distribution, etc. 2016
300 ## - PHYSICAL DESCRIPTION
Extent 128стр,24см
653 ## - INDEX TERM--UNCONTROLLED
Uncontrolled term Педагогика
942 ## - ADDED ENTRY ELEMENTS (KOHA)
Koha item type პერიოდიკა
ეგზემპლარები
Withdrawn status Lost status Damaged status Not for loan Date acquired Barcode Date last seen Price effective from Koha item type
        2018-12-17 P78054 2018-12-17 2018-12-17 პერიოდიკა